Statistics for Top Beef Consuming Countries Per-Capita

Click here to take the quiz!

General Stats

  • This quiz has been taken 20,497 times
    (9,140 since last reset)
  • The average score is 12 of 20

Answer Stats

#kgCountry% Correct
237.08United States
99%
337.05Brazil
92%
154.16Argentina
90%
435.70Australia
88%
1323.15France
85%
1621.13Chile
83%
1720.84New Zealand
80%
531.65Uruguay
73%
1124.26Sweden
67%
1820.31Ireland
65%
1521.89Bolivia
63%
925.38Denmark
59%
1919.77Switzerland
53%
1422.34Mongolia
41%
1223.78Kazakhstan
38%
826.50Israel
38%
1024.64Luxembourg
37%
727.08Uzbekistan
33%
629.47Turkmenistan
32%
2019.75Central African Republic
8%

Score Distribution

Percentile by Number Answered

Percent of People with Each Score

Your Score History

You have not taken this quiz since the last reset